000 00404nam a2200169Ia 4500
008 220531s9999 xx 000 0 und d
041 _aeng
082 _bADV / KOT
100 _aKotibhaskar
_931015
245 _aAdvanced Accountancy.
250 _a1ST
260 _bSuvichar
_c1991
542 _d01-01-2010
650 _aAccountancy
_931016
906 _d2009-2010
_d2014-2015
999 _c19476
_d19476